000 00740nam a22002537a 4500
003 UA-OsUOA
001 117069
007 ta
008 20160422b un ||||| |||| 00| 0 ukr d
100 _aЗацный Ю. А.
090 _a(038)=111=161.1
_bЗ-38
942 _cBK
040 _aUA-OsUOA
_bukr
_cUA-OsUOA
_dUA-OsUOA
245 _aАнгло-русский словарь новых слов и словосочетаний (рубеж столетий)
_bпособие
300 _a243 с.
955 _a2
041 _aukr
080 _a(038)=111=161.1
020 _a966-599-080-2
591 _aЗНУ
260 _aЗапорожье
_bЗГУ
_c2000
650 7 _a0 Загальний відділ.
_2UDC
999 _c403055
_d403055